Zhen ai gou tong gao shou (Chinese)

Bibliographic Details
Main Author: Dai, Chenzhi
Format: Book
Published: Taibei : Shi bao wen hua chu ban qi ye , 2003
Subjects:

MARC

LEADER 00000cam a2200000 7i4500
001 0000073786
005 20220105105422.0
008 170608
020 |a 9571326496 
090 0 0 |a 306.7   |b DAI 
100 1 |a Dai, Chenzhi 
245 1 0 |a Zhen ai gou tong gao shou (Chinese)   |c Dai Chenzi 
260 |a Taibei :   |b Shi bao wen hua chu ban qi ye ,   |c 2003 
300 |a 284 p. ;   |c 21 cm. 
500 |a Children ages 7-9 years old (orange) 
541 0 0 |c Donation books 
650 0 |a Communication in marriage 
650 0 |a Dating c sosial customs 
650 0 |a Interpersonal communication 
650 0 |a Love 
650 0 |a Man   |x women relationship 
999 |a 0001459049   |b Book   |c Chinese Collection   |e Cawangan AEON Kulaijaya